[Event "II Open Internacional Blitz Quart de Pob"]
[Site "Quart de Poblet, Spain"]
[Date "2019.08.10"]
[Round "9.7"]
[White "Nieto Tornero, Jose"]
[Black "Ordonez Carrasco, Jorge"]
[Result "1-0"]
[WhiteElo "1932"]
[BlackElo "1559"]
[PlyCount "101"]
[EventDate "2019.??.??"]

1. e4 c5 2. Nf3 {[%clk 00:07:06]} 2... d6 {[%clk 00:07:08]} 3. d4 {
[%clk 00:07:07]} 3... cxd4 {[%clk 00:07:10]} 4. Nxd4 {
[%clk 00:07:09]  [%emt 00:00:04]} 4... Nf6 {[%clk 00:07:12]} 5. Nc3 {
[%clk 00:07:09]} 5... g6 {[%clk 00:07:14]} 6. Be2 {
[%clk 00:07:01]  [%emt 00:00:04]} 6... Bg7 {[%clk 00:07:13]  [%emt 00:00:03]}
7. Be3 {[%clk 00:07:02]} 7... O-O {[%clk 00:07:10]  [%emt 00:00:05]} 8. O-O {
[%clk 00:06:48]  [%emt 00:00:15]} 8... Nc6 {[%clk 00:06:55]  [%emt 00:00:21]}
9. Nf3 {[%clk 00:05:56]  [%emt 00:01:07]} 9... Bd7 {
[%clk 00:06:41]  [%emt 00:00:06]} 10. a3 {[%clk 00:05:54]  [%emt 00:00:09]}
10... a6 {[%clk 00:06:40]} 11. Nd2 {[%clk 00:05:21]  [%emt 00:00:35]} 11... Rc8
{[%clk 00:06:27]  [%emt 00:00:14]} 12. Nc4 {[%clk 00:05:16]  [%emt 00:00:14]}
12... b5 {[%clk 00:06:23]  [%emt 00:00:03]} 13. Nb6 {
[%clk 00:05:14]  [%emt 00:00:06]} 13... Rb8 {[%clk 00:06:24]  [%emt 00:00:12]}
14. Nxd7 {[%clk 00:05:15]} 14... Nxd7 {[%clk 00:06:20]} 15. Qd2 {
[%clk 00:04:58]  [%emt 00:00:15]} 15... Nde5 {[%clk 00:06:01]  [%emt 00:00:46]}
16. Rab1 {[%clk 00:04:10]  [%emt 00:00:28]} 16... Rc8 {
[%clk 00:05:46]  [%emt 00:00:17]} 17. Nd5 {[%clk 00:04:02]  [%emt 00:00:14]}
17... Nd7 {[%clk 00:05:31]  [%emt 00:00:18]} 18. a4 {
[%clk 00:03:58]  [%emt 00:00:08]} 18... Rb8 {[%clk 00:05:18]  [%emt 00:00:14]}
19. axb5 {[%clk 00:03:59]  [%emt 00:00:28]} 19... axb5 {[%clk 00:05:19]} 20. b4
{[%clk 00:03:31]  [%emt 00:00:14]} 20... Re8 {[%clk 00:04:58]  [%emt 00:00:39]}
21. Nc3 {[%clk 00:03:23]  [%emt 00:00:03]} 21... Nf6 {
[%clk 00:04:31]  [%emt 00:00:26]} 22. f3 {[%clk 00:03:17]} 22... Qd7 {
[%clk 00:03:57]  [%emt 00:00:34]} 23. Bxb5 {[%clk 00:03:08]  [%emt 00:00:12]}
23... Rec8 {[%clk 00:03:54]  [%emt 00:00:38]} 24. Ba4 {
[%clk 00:03:01]  [%emt 00:00:10]} 24... Qc7 {[%clk 00:03:28]} 25. Rfc1 {
[%clk 00:02:41]  [%emt 00:00:19]} 25... Nxb4 {[%clk 00:03:03]  [%emt 00:00:29]}
26. Nb5 {[%clk 00:02:40]  [%emt 00:00:07]} 26... Rxb5 {
[%clk 00:02:26]  [%emt 00:01:07]} 27. Bxb5 {[%clk 00:02:42]} 27... Na2 {
[%clk 00:02:14]  [%emt 00:00:05]} 28. Rf1 {[%clk 00:02:27]} 28... Nc3 {
[%clk 00:02:12]  [%emt 00:00:10]} 29. Rb3 {[%clk 00:02:25]  [%emt 00:00:03]}
29... Nxb5 {[%clk 00:01:46]  [%emt 00:00:24]} 30. Rxb5 {
[%clk 00:02:26]  [%emt 00:00:19]} 30... Qxc2 {[%clk 00:01:48]} 31. Qxc2 {
[%clk 00:02:27]} 31... Rxc2 {[%clk 00:01:49]} 32. Rb8+ {
[%clk 00:02:26]  [%emt 00:00:07]} 32... Bf8 {[%clk 00:01:51]} 33. Bh6 {
[%clk 00:02:26]} 33... Nd7 {[%clk 00:01:53]} 34. Rd8 {[%clk 00:02:19]} 34...
Rc7 {[%clk 00:01:55]  [%emt 00:00:17]} 35. Ra1 {
[%clk 00:02:00]  [%emt 00:00:09]} 35... f6 {[%clk 00:01:51]  [%emt 00:00:09]}
36. Raa8 {[%clk 00:01:58]  [%emt 00:00:04]} 36... Kf7 {
[%clk 00:01:43]  [%emt 00:00:09]} 37. Bxf8 {[%clk 00:02:00]  [%emt 00:00:04]}
37... Rc1+ {[%clk 00:01:40]  [%emt 00:00:05]} 38. Kf2 {
[%clk 00:02:02]  [%emt 00:00:07]} 38... Ne5 {[%clk 00:01:42]} 39. Bh6 {
[%clk 00:01:55]  [%emt 00:00:04]} 39... g5 {[%clk 00:01:44]  [%emt 00:00:08]}
40. Rg8 {[%clk 00:01:53]} 40... Nd3+ {[%clk 00:01:37]  [%emt 00:00:15]} 41. Ke3
{[%clk 00:01:44]  [%emt 00:00:05]} 41... Nf4 {[%clk 00:01:35]  [%emt 00:00:05]}
42. g3 {[%clk 00:01:24]  [%emt 00:00:20]} 42... Nh5 {
[%clk 00:01:27]  [%emt 00:00:37]} 43. Rh8 {[%clk 00:01:00]  [%emt 00:00:04]}
43... Rc3+ {[%clk 00:01:24]  [%emt 00:00:06]} 44. Ke2 {
[%clk 00:01:01]  [%emt 00:00:18]} 44... Rc2+ {[%clk 00:01:26]} 45. Ke3 {
[%clk 00:01:01]} 45... Rc3+ {[%clk 00:01:28]} 46. Ke2 {[%clk 00:01:00]} 46...
Rc2+ {[%clk 00:01:31]} 47. Kd3 {[%clk 00:01:00]} 47... Rxh2 {
[%clk 00:01:31]  [%emt 00:00:28]} 48. Bf8 {[%clk 00:00:46]} 48... Nxg3 {
[%clk 00:01:25]} 49. Ra7 {[%clk 00:00:45]  [%emt 00:00:16]} 49... Rh1 {
[%clk 00:01:13]  [%emt 00:00:16]} 50. Rxe7+ {[%clk 00:00:47]} 50... Kg6 {
[%clk 00:01:14]} 51. Rg7+ {[%clk 00:00:47]} 1-0

[Event "II Open Internacional Blitz Quart de Pob"]
[Site "Quart de Poblet, Spain"]
[Date "2019.08.10"]
[Round "9.8"]
[White "Palao, Adriana"]
[Black "Redondo Flores, David"]
[Result "0-1"]
[WhiteElo "1623"]
[BlackElo "2009"]
[PlyCount "90"]
[EventDate "2019.??.??"]

1. e4 {[%clk 00:07:05]  [%emt 00:00:20]} 1... c5 {[%clk 00:07:06]} 2. Nf3 {
[%clk 00:07:07]} 2... d6 {[%clk 00:07:08]} 3. c3 {[%clk 00:07:09]} 3... Nf6 {
[%clk 00:07:07]  [%emt 00:00:05]} 4. h3 {[%clk 00:07:11]} 4... Nbd7 {
[%clk 00:07:07]} 5. Bd3 {[%clk 00:07:12]} 5... a6 {
[%clk 00:06:49]  [%emt 00:00:11]} 6. O-O {[%clk 00:07:10]  [%emt 00:00:39]}
6... e5 {[%clk 00:06:37]  [%emt 00:00:03]} 7. Bc2 {[%clk 00:07:10]} 7... g6 {
[%clk 00:06:30]} 8. d4 {[%clk 00:07:08]  [%emt 00:00:10]} 8... Bg7 {
[%clk 00:06:20]} 9. Nbd2 {[%clk 00:06:50]  [%emt 00:00:18]} 9... cxd4 {
[%clk 00:06:20]  [%emt 00:00:35]} 10. cxd4 {[%clk 00:06:52]} 10... O-O {
[%clk 00:06:19]} 11. Nc4 {[%clk 00:06:49]  [%emt 00:00:04]} 11... Qe7 {
[%clk 00:06:08]} 12. Re1 {[%clk 00:06:05]  [%emt 00:00:40]} 12... b5 {
[%clk 00:06:07]  [%emt 00:00:04]} 13. Ne3 {[%clk 00:06:00]  [%emt 00:00:05]}
13... Bb7 {[%clk 00:06:07]  [%emt 00:00:15]} 14. d5 {[%clk 00:05:59]} 14... Nc5
{[%clk 00:06:06]  [%emt 00:00:10]} 15. Nf1 {[%clk 00:05:54]} 15... Nh5 {
[%emt 00:01:24]} 16. Bg5 {[%clk 00:05:38]} 16... f6 {[%clk 00:05:14]} 17. Be3 {
[%clk 00:05:38]} 17... Rac8 {[%clk 00:05:09]} 18. Qd2 {
[%clk 00:05:00]  [%emt 00:00:41]} 18... Rc7 {[%clk 00:04:53]  [%emt 00:00:26]}
19. g4 {[%clk 00:04:54]  [%emt 00:00:06]} 19... Nf4 {[%clk 00:04:51]} 20. Bxf4
{[%clk 00:04:55]  [%emt 00:00:06]} 20... exf4 {[%clk 00:04:53]  [%emt 00:00:06]
} 21. Qxf4 {[%clk 00:04:56]} 21... Nd7 {[%clk 00:04:53]} 22. Bb3 {
[%clk 00:04:12]  [%emt 00:00:54]} 22... Ne5 {[%clk 00:04:54]} 23. Rad1 {
[%clk 00:03:51]  [%emt 00:00:13]} 23... a5 {[%clk 00:04:49]  [%emt 00:00:11]}
24. Nd4 {[%clk 00:03:44]  [%emt 00:00:26]} 24... g5 {
[%clk 00:04:21]  [%emt 00:00:22]} 25. Qe3 {[%clk 00:03:28]  [%emt 00:00:10]}
25... a4 {[%clk 00:04:09]  [%emt 00:00:35]} 26. Nxb5 {
[%clk 00:03:12]  [%emt 00:00:07]} 26... axb3 {[%clk 00:04:10]  [%emt 00:00:03]}
27. Nxc7 {[%clk 00:03:13]} 27... Qxc7 {[%clk 00:04:11]} 28. axb3 {
[%clk 00:03:15]} 28... Bc8 {[%clk 00:04:04]  [%emt 00:00:13]} 29. Ng3 {
[%clk 00:03:02]  [%emt 00:00:22]} 29... Ng6 {[%clk 00:03:55]} 30. Nh5 {
[%clk 00:02:34]  [%emt 00:00:29]} 30... Re8 {[%clk 00:03:49]  [%emt 00:00:38]}
31. f4 {[%clk 00:01:51]  [%emt 00:00:17]} 31... f5 {
[%clk 00:03:35]  [%emt 00:00:18]} 32. gxf5 {[%clk 00:01:02]  [%emt 00:00:52]}
32... Bxf5 {[%clk 00:03:32]  [%emt 00:00:08]} 33. e5 {
[%clk 00:00:52]  [%emt 00:00:11]} 33... dxe5 {[%clk 00:03:15]  [%emt 00:00:24]}
34. d6 {[%clk 00:00:53]  [%emt 00:00:04]} 34... Qd7 {
[%clk 00:03:09]  [%emt 00:00:09]} 35. fxe5 {[%clk 00:00:48]  [%emt 00:00:05]}
35... Rxe5 {[%clk 00:02:59]  [%emt 00:00:10]} 36. Qf2 {
[%clk 00:00:38]  [%emt 00:00:13]} 36... Rxe1+ {[%clk 00:02:44]  [%emt 00:00:26]
} 37. Rxe1 {[%clk 00:00:12]  [%emt 00:00:38]} 37... Bxh3 {
[%clk 00:02:29]  [%emt 00:00:05]} 38. Nf6+ {[%clk 00:00:09]  [%emt 00:00:06]}
38... Bxf6 {[%clk 00:02:27]  [%emt 00:00:23]} 39. Qxf6 {[%clk 00:00:10]} 39...
Qg4+ {[%clk 00:02:16]} 40. Kf2 {[%clk 00:00:12]  [%emt 00:00:03]} 40... Qh4+ {
[%clk 00:01:58]  [%emt 00:00:18]} 41. Ke2 {[%clk 00:00:09]  [%emt 00:00:08]}
41... Nf4+ {[%clk 00:01:56]  [%emt 00:00:04]} 42. Kd2 {
[%clk 00:00:08]  [%emt 00:00:07]} 42... Qf2+ {[%clk 00:01:53]  [%emt 00:00:07]}
43. Kc1 {[%clk 00:00:06]  [%emt 00:00:07]} 43... Qxe1+ {[%clk 00:01:54]} 44.
Kc2 {[%clk 00:00:07]} 44... Qe4+ {[%clk 00:01:50]  [%emt 00:00:03]} 45. Kc3 {
[%clk 00:00:08]  [%emt 00:00:08]} 45... Nd5+ {[%emt 00:00:03]} 0-1

[Event "II Open Internacional Blitz Quart de Pob"]
[Site "Quart de Poblet, Spain"]
[Date "2019.08.10"]
[Round "9.9"]
[White "Ferrero Sanchis, Enrique"]
[Black "Davtyan, David Arm"]
[Result "0-1"]
[WhiteElo "1711"]
[BlackElo "2030"]
[PlyCount "64"]
[EventDate "2019.??.??"]

1. d4 {[%clk 00:07:03]  [%emt 00:00:02]} 1... Nf6 {
[%clk 00:07:05]  [%emt 00:00:02]} 2. Bf4 {[%clk 00:07:04]  [%emt 00:00:02]}
2... c5 {[%clk 00:07:06]  [%emt 00:00:02]} 3. c3 {
[%clk 00:07:05]  [%emt 00:00:02]} 3... d5 {[%clk 00:07:06]  [%emt 00:00:03]} 4.
Nf3 {[%clk 00:07:03]  [%emt 00:00:05]} 4... Nc6 {
[%clk 00:07:08]  [%emt 00:00:02]} 5. e3 {[%clk 00:07:04]  [%emt 00:00:01]} 5...
g6 {[%clk 00:07:06]  [%emt 00:00:05]} 6. Nbd2 {[%clk 00:07:04]  [%emt 00:00:03]
} 6... Bg7 {[%clk 00:07:07]  [%emt 00:00:01]} 7. Ne5 {
[%clk 00:06:59]  [%emt 00:00:09]} 7... Nxe5 {[%clk 00:07:03]  [%emt 00:00:07]}
8. Bxe5 {[%clk 00:06:56]  [%emt 00:00:06]} 8... O-O {
[%clk 00:07:02]  [%emt 00:00:03]} 9. Bd3 {[%clk 00:06:55]  [%emt 00:00:04]}
9... c4 {[%clk 00:06:21]  [%emt 00:00:43]} 10. Bc2 {
[%clk 00:06:52]  [%emt 00:00:06]} 10... b5 {[%clk 00:06:22]  [%emt 00:00:02]}
11. h4 {[%clk 00:06:40]  [%emt 00:00:15]} 11... h5 {
[%clk 00:06:05]  [%emt 00:00:20]} 12. Bxf6 {[%clk 00:06:06]  [%emt 00:00:37]}
12... exf6 {[%clk 00:05:58]  [%emt 00:00:10]} 13. f3 {
[%clk 00:05:36]  [%emt 00:00:32]} 13... f5 {[%clk 00:05:58]  [%emt 00:00:04]}
14. f4 {[%clk 00:04:57]  [%emt 00:00:42]} 14... Re8 {
[%clk 00:05:57]  [%emt 00:00:04]} 15. Kf2 {[%clk 00:04:56]  [%emt 00:00:05]}
15... Qe7 {[%clk 00:05:53]  [%emt 00:00:08]} 16. Qe2 {
[%clk 00:04:41]  [%emt 00:00:17]} 16... b4 {[%clk 00:05:54]  [%emt 00:00:03]}
17. Nf3 {[%clk 00:04:41]  [%emt 00:00:03]} 17... f6 {
[%clk 00:05:53]  [%emt 00:00:04]} 18. Ba4 {[%clk 00:04:15]  [%emt 00:00:30]}
18... Rd8 {[%clk 00:05:42]  [%emt 00:00:13]} 19. Qd2 {
[%clk 00:03:38]  [%emt 00:00:40]} 19... a5 {[%clk 00:05:42]  [%emt 00:00:04]}
20. cxb4 {[%clk 00:02:53]  [%emt 00:00:49]} 20... axb4 {
[%clk 00:05:42]  [%emt 00:00:02]} 21. Bc2 {[%clk 00:02:45]  [%emt 00:00:11]}
21... Bd7 {[%clk 00:05:33]  [%emt 00:00:12]} 22. b3 {
[%clk 00:02:34]  [%emt 00:00:14]} 22... c3 {[%clk 00:05:32]  [%emt 00:00:04]}
23. Qe2 {[%clk 00:02:26]  [%emt 00:00:11]} 23... Ra3 {
[%clk 00:05:31]  [%emt 00:00:04]} 24. Ne1 {[%clk 00:01:55]  [%emt 00:00:34]}
24... Rda8 {[%clk 00:05:30]  [%emt 00:00:04]} 25. Bb1 {
[%clk 00:01:44]  [%emt 00:00:14]} 25... Rxb3 {[%clk 00:05:28]  [%emt 00:00:06]}
26. Bc2 {[%clk 00:01:03]  [%emt 00:00:43]} 26... Rb2 {
[%clk 00:05:28]  [%emt 00:00:03]} 27. Nd3 {[%clk 00:01:03]  [%emt 00:00:03]}
27... Rbxa2 {[%clk 00:05:28]  [%emt 00:00:03]} 28. Rxa2 {
[%clk 00:01:01]  [%emt 00:00:06]} 28... Rxa2 {[%clk 00:05:30]} 29. Nc1 {
[%clk 00:01:00]  [%emt 00:00:04]} 29... Ra5 {[%clk 00:05:23]  [%emt 00:00:10]}
30. Nb3 {[%clk 00:00:57]  [%emt 00:00:06]} 30... Ra2 {
[%clk 00:05:23]  [%emt 00:00:03]} 31. Ra1 {[%clk 00:00:50]  [%emt 00:00:10]}
31... Rxa1 {[%clk 00:05:23]  [%emt 00:00:04]} 32. Nxa1 {
[%clk 00:00:52]  [%emt 00:00:01]} 32... Qd6 {[%clk 00:05:15]  [%emt 00:00:10]}
0-1